[Event "Budapest-chT1 Lilienthal 1011"]
[Site "Budapest"]
[Date "2010.12.12"]
[Round "6"]
[White "Zentai, Gyorgy"]
[Black "Gyurkovics, Miklos"]
[Result "0-1"]
[WhiteElo "2203"]
[BlackElo "2109"]
[PlyCount "46"]
[EventDate "2010.09.19"]
[EventType "team-tourn"]
[EventRounds "11"]
[EventCountry "HUN"]
[SourceTitle "EXT 2020"]
[Source "ChessBase"]
[SourceDate "2019.10.17"]
[SourceVersion "1"]
[SourceVersionDate "2019.10.17"]
[SourceQuality "1"]
[WhiteTeam "Penzugyor III"]
[BlackTeam "Budapest Vasas II"]
[WhiteTeamCountry "HUN"]
[BlackTeamCountry "HUN"]

1. e4 d6 2. Nc3 Nf6 3. g3 g6 4. Bg2 c5 5. d3 Nc6 6. h3 Bg7 7. f4 0-0 8. Be3 e5 9. fxe5 Nxe5 10. Nge2 b5 11. Nf4 b4 12. Ncd5 Nxd5 13. Nxd5 Bb7 14. 0-0 Bxd5 15. exd5 Re8 16. Qc1 Nxd3 17. cxd3 Rxe3 18. Qxe3 Bd4 19. Qxd4 cxd4 20. Rf4 Rc8 21. Raf1 Qe7 22. Re4 Qg5 23. Kh2 Rc2 0-1

[Event "Budapest-chT1 Lilienthal 1011"]
[Site "Budapest"]
[Date "2010.11.28"]
[Round "5"]
[White "Zentai, Gyorgy"]
[Black "Keschitz, Gyorgy"]
[Result "0-1"]
[WhiteElo "2203"]
[BlackElo "2248"]
[PlyCount "64"]
[EventDate "2010.09.19"]
[EventType "team-tourn"]
[EventRounds "11"]
[EventCountry "HUN"]
[SourceTitle "EXT 2020"]
[Source "ChessBase"]
[SourceDate "2019.10.17"]
[SourceVersion "1"]
[SourceVersionDate "2019.10.17"]
[SourceQuality "1"]
[WhiteTeam "Penzugyor III"]
[BlackTeam "Budapest EAC III"]
[WhiteTeamCountry "HUN"]
[BlackTeamCountry "HUN"]

1. e4 c5 2. Nc3 Nc6 3. g3 g6 4. d3 Bg7 5. Be3 d6 6. Bg2 e5 7. Qd2 h6 8. Nge2 Nge7 9. 0-0 Be6 10. Nd1 Qa5 11. c3 d5 12. exd5 Nxd5 13. f4 Rd8 14. Nf2 0-0 15. fxe5 Nxe3 16. Qxe3 Nxe5 17. Nf4 Rfe8 18. Ne4 b6 19. Rfd1 Bg4 20. Re1 g5 21. d4 Nc4 22. Nf6+ Bxf6 23. Qxe8+ Rxe8 24. Rxe8+ Kg7 25. Nd5 cxd4 26. Rf1 Be5 27. b3 dxc3 28. bxc4 Be6 29. Ne7 Qc5+ 30. Kh1 Qxc4 31. Re1 c2 32. Rg8+ Kf6 0-1

[Event "HUN-chT2 Erkel 0809"]
[Site "Hungary"]
[Date "2009.04.19"]
[Round "11.7"]
[White "Horvath, Jeno Kalman"]
[Black "Zentai, Gyorgy"]
[Result "1/2-1/2"]
[WhiteElo "2044"]
[BlackElo "2192"]
[PlyCount "32"]
[EventDate "2008.10.26"]
[EventType "team-tourn"]
[EventRounds "11"]
[EventCountry "HUN"]
[SourceTitle "EXT 2010"]
[Source "ChessBase"]
[SourceDate "2010.11.25"]
[SourceVersion "1"]
[SourceVersionDate "2010.11.25"]
[SourceQuality "1"]
[WhiteTeam "Foti"]
[BlackTeam "PSE II"]
[WhiteTeamCountry "HUN"]
[BlackTeamCountry "HUN"]

1. d4 d5 2. Nf3 Nf6 3. e3 Bg4 4. c4 e6 5. Nc3 c6 6. h3 Bh5 7. Bd3 Nbd7 8. Bd2 Bd6 9. Qb3 dxc4 10. Bxc4 b5 11. Be2 a6 12. g4 Bg6 13. Nh4 c5 14. Nxg6 hxg6 15. Bf3 Rb8 16. g5 Ng8 1/2-1/2

[Event "HUN-chT2 Erkel 0809"]
[Site "Hungary"]
[Date "2009.01.25"]
[Round "6.7"]
[White "Zentai, Gyorgy"]
[Black "Pesztericz, Laszlo"]
[Result "1/2-1/2"]
[WhiteElo "2192"]
[BlackElo "2117"]
[PlyCount "113"]
[EventDate "2008.10.26"]
[EventType "team-tourn"]
[EventRounds "11"]
[EventCountry "HUN"]
[SourceTitle "EXT 2010"]
[Source "ChessBase"]
[SourceDate "2010.11.25"]
[SourceVersion "1"]
[SourceVersionDate "2010.11.25"]
[SourceQuality "1"]
[WhiteTeam "PSE II"]
[BlackTeam "HASE II"]
[WhiteTeamCountry "HUN"]
[BlackTeamCountry "HUN"]

1. e4 e5 2. Nf3 Nc6 3. Bc4 Bc5 4. d3 Nf6 5. Nbd2 d6 6. Nf1 Ng4 7. Ne3 Nxe3 8. Bxe3 Bxe3 9. fxe3 Qe7 10. 0-0 0-0 11. Qd2 Be6 12. Bb3 Bxb3 13. axb3 f5 14. exf5 Rxf5 15. e4 Rf4 16. g3 Rf6 17. Nh4 Rxf1+ 18. Rxf1 g6 19. b4 a6 20. c3 Rf8 21. Ng2 Rxf1+ 22. Kxf1 Qf7+ 23. Ke2 d5 24. Ne3 Ne7 25. Ng4 Qe6 26. Qg5 dxe4 27. Nf6+ Kg7 28. Nxe4 h6 29. Qe3 b6 30. Nd2 Nf5 31. Qe4 Nd6 32. Qc6 Qe7 33. Qd5 Kf6 34. Qf3+ Kg7 35. Qd5 Kf6 36. Ne4+ Nxe4 37. Qxe4 Qd6 38. Qa8 b5 39. Ke3 h5 40. Ke4 c6 41. Qh8+ Ke6 42. Qg7 Qd5+ 43. Ke3 Kf5 44. Qf8+ Kg4 45. Qf6 g5 46. h3+ Kxg3 47. Qxg5+ Kxh3 48. Qxh5+ Kg3 49. Qg6+ Kh3 50. Kf2 Kh4 51. Qg3+ Kh5 52. Qf3+ Kg5 53. Qxd5 cxd5 54. b3 Kf4 55. c4 dxc4 56. bxc4 bxc4 57. dxc4 1/2-1/2

[Event "HUN-chT2 Maroczy 0708"]
[Site "Hungary"]
[Date "2007.12.09"]
[Round "4"]
[White "Zentai, Gyorgy"]
[Black "Dobai, Szabolcs"]
[Result "1/2-1/2"]
[WhiteElo "2189"]
[BlackElo "2177"]
[PlyCount "69"]
[EventDate "2007.10.14"]
[EventType "team"]
[EventRounds "11"]
[EventCountry "HUN"]
[SourceTitle "EXT 2009"]
[Source "ChessBase"]
[SourceDate "2008.11.26"]
[SourceVersion "1"]
[SourceVersionDate "2008.11.26"]
[SourceQuality "1"]
[WhiteTeam "Penzugyor"]
[BlackTeam "Miskolc EMSE"]
[WhiteTeamCountry "HUN"]
[BlackTeamCountry "HUN"]

1. e4 c6 2. g3 e5 3. Bg2 Nf6 4. b3 d6 5. Bb2 Be7 6. Ne2 0-0 7. 0-0 Nbd7 8. d4 Re8 9. Nd2 Bf8 10. dxe5 Nxe5 11. Nd4 Bd7 12. h3 c5 13. Nf5 Qc8 14. g4 Bc6 15. Bxe5 dxe5 16. c4 g6 17. Ne3 Bh6 18. Nd5 Nd7 19. h4 Bf4 20. g5 Nf8 21. Nf6+ Kg7 22. Nxe8+ Qxe8 23. Qc2 Qd7 24. Nf3 Qg4 25. Rad1 Ne6 26. Rd6 Nd4 27. Qd3 h6 28. gxh6+ Kxh6 29. Nxd4 exd4 30. Rxc6 bxc6 31. Rd1 Qxh4 32. Qh3 Qxh3 33. Bxh3 a5 34. Bd7 Kg5 35. Bxc6 1/2-1/2

[Event "HUN-chT2 Maroczy 0708"]
[Site "Hungary"]
[Date "2007.11.11"]
[Round "2"]
[White "Zentai, Gyorgy"]
[Black "Zalai, Mihaly"]
[Result "1/2-1/2"]
[WhiteElo "2189"]
[BlackElo "2171"]
[PlyCount "29"]
[EventDate "2007.10.14"]
[EventType "team"]
[EventRounds "11"]
[EventCountry "HUN"]
[SourceTitle "EXT 2009"]
[Source "ChessBase"]
[SourceDate "2008.11.26"]
[SourceVersion "1"]
[SourceVersionDate "2008.11.26"]
[SourceQuality "1"]
[WhiteTeam "Penzugyor"]
[BlackTeam "Oroshaza"]
[WhiteTeamCountry "HUN"]
[BlackTeamCountry "HUN"]

1. e4 c5 2. Nc3 Nc6 3. g3 g6 4. Bg2 Bg7 5. d3 e6 6. Be3 b6 7. Qd2 Bb7 8. Nge2 Nf6 9. Bh6 Bxh6 10. Qxh6 Qe7 11. Qd2 0-0-0 12. 0-0-0 d5 13. exd5 Nb4 14. Nf4 Nbxd5 15. Rhe1 1/2-1/2

[Event "HUN-chT2 Charousek 0607"]
[Site "Hungary"]
[Date "2007.02.18"]
[Round "5"]
[White "Zentai, Gyorgy"]
[Black "Lazar, Ales Ml"]
[Result "1/2-1/2"]
[WhiteElo "2207"]
[BlackElo "2271"]
[PlyCount "34"]
[EventDate "2006.11.12"]
[EventType "team"]
[EventRounds "11"]
[EventCountry "HUN"]
[SourceTitle "EXT 2008"]
[Source "ChessBase"]
[SourceDate "2007.11.25"]
[SourceVersion "1"]
[SourceVersionDate "2007.11.25"]
[SourceQuality "1"]
[WhiteTeam "Penzugyor"]
[BlackTeam "Nagykanizsa II"]
[WhiteTeamCountry "HUN"]
[BlackTeamCountry "HUN"]

1. e4 c5 2. Nc3 e6 3. g3 Nc6 4. Bg2 g6 5. d3 Bg7 6. Be3 Nd4 7. f4 d6 8. Qd2 Ne7 9. Nd1 0-0 10. c3 Ndc6 11. Ne2 b5 12. 0-0 Rb8 13. d4 cxd4 14. Nxd4 Na5 15. b3 Qc7 16. Rc1 Rd8 17. Nb2 d5 1/2-1/2

[Event "HUN-chT2 Erkel 0506"]
[Site "Hungary"]
[Date "2006.04.23"]
[Round "11"]
[White "Zentai, Gyorgy"]
[Black "Toth, Laszlo2222"]
[Result "1/2-1/2"]
[WhiteElo "2187"]
[BlackElo "2065"]
[PlyCount "101"]
[EventDate "2005.10.16"]
[EventType "team"]
[EventRounds "11"]
[EventCountry "HUN"]
[SourceTitle "EXT 2009"]
[Source "ChessBase"]
[SourceDate "2008.11.26"]
[SourceVersion "1"]
[SourceVersionDate "2008.11.26"]
[SourceQuality "1"]
[WhiteTeam "Penzugyor II"]
[BlackTeam "Paszto"]
[WhiteTeamCountry "HUN"]
[BlackTeamCountry "HUN"]

1. e4 e6 2. d4 d5 3. exd5 exd5 4. Nf3 Nc6 5. Bb5 Bd6 6. 0-0 Bg4 7. c3 Nge7 8. Bg5 f6 9. Bh4 h5 10. Re1 Qd7 11. c4 Bb4 12. Nc3 0-0-0 13. Bg3 h4 14. Bf4 Qf5 15. Rxe7 Bxe7 16. Nxd5 Rxd5 17. cxd5 Qxf4 18. dxc6 Bd6 19. Qd2 Qf5 20. cxb7+ Kb8 21. Bd3 Qd5 22. Ne1 Re8 23. h3 Bh5 24. Nc2 Qxb7 25. b3 g5 26. Re1 Rg8 27. Qa5 Be8 28. Bc4 Rf8 29. Qf5 c6 30. Be6 Ka8 31. Ne3 Bb8 32. Qa5 Qb6 33. Qxb6 axb6 34. Nf5 Bg6 35. Bd7 Bxf5 36. Bxf5 Rd8 37. Rd1 Kb7 38. Be4 Bf4 39. Rd3 Re8 40. g3 Rxe4 41. gxf4 Rxf4 42. Kf1 Kc7 43. Ke2 Kd6 44. Ke3 Kd5 45. f3 Kd6 46. a4 Rf5 47. Ke4 Ra5 48. f4 Rd5 49. fxg5 fxg5 50. Rf3 Ke6 51. Rf8 1/2-1/2

[Event "HUN-chT2 Erkel 0506"]
[Site "Hungary"]
[Date "2006.02.26"]
[Round "8"]
[White "Zentai, Gyorgy"]
[Black "Bauer, Peter2222"]
[Result "1/2-1/2"]
[WhiteElo "2187"]
[BlackElo "2163"]
[PlyCount "59"]
[EventDate "2005.10.16"]
[EventType "team"]
[EventRounds "11"]
[EventCountry "HUN"]
[SourceTitle "EXT 2009"]
[Source "ChessBase"]
[SourceDate "2008.11.26"]
[SourceVersion "1"]
[SourceVersionDate "2008.11.26"]
[SourceQuality "1"]
[WhiteTeam "Penzugyor II"]
[BlackTeam "Vaci"]
[WhiteTeamCountry "HUN"]
[BlackTeamCountry "HUN"]

1. e4 e6 2. d4 d5 3. exd5 exd5 4. Nf3 Bd6 5. c4 c6 6. Nc3 Ne7 7. Bg5 Be6 8. c5 Bc7 9. Be2 Nd7 10. 0-0 h6 11. Bh4 g5 12. Bg3 Nf5 13. Bxc7 Qxc7 14. b4 g4 15. Ne1 Qf4 16. Nc2 h5 17. b5 0-0 18. Qc1 Qxc1 19. Rfxc1 Ne7 20. Nb4 Nb8 21. Rab1 Rc8 22. Na4 cxb5 23. Bxb5 Rc7 24. Rb3 Nd7 25. Bxd7 Bxd7 26. Nc3 Be6 27. Nb5 Rd7 28. Nd3 a6 29. Nd6 Nc6 30. Rxb7 1/2-1/2

[Event "HUN-chT2 Erkel 0506"]
[Site "Hungary"]
[Date "2006.01.22"]
[Round "6"]
[White "Bali, Janos"]
[Black "Zentai, Gyorgy"]
[Result "1-0"]
[WhiteElo "2312"]
[BlackElo "2187"]
[PlyCount "71"]
[EventDate "2005.10.16"]
[EventType "team"]
[EventRounds "11"]
[EventCountry "HUN"]
[SourceTitle "EXT 2009"]
[Source "ChessBase"]
[SourceDate "2008.11.26"]
[SourceVersion "1"]
[SourceVersionDate "2008.11.26"]
[SourceQuality "1"]
[WhiteTeam "Fuzesabony"]
[BlackTeam "Penzugyor II"]
[WhiteTeamCountry "HUN"]
[BlackTeamCountry "HUN"]

1. d4 d5 2. Nf3 e6 3. c4 c6 4. Qc2 Nf6 5. e3 Nbd7 6. b3 Bd6 7. Bb2 0-0 8. Nbd2 Qe7 9. Ne5 c5 10. Bd3 b6 11. 0-0 Bb7 12. Rae1 Rfd8 13. f4 Rac8 14. Qb1 cxd4 15. exd4 Bb4 16. Re2 Bxd2 17. Rxd2 Ne4 18. Bxe4 dxe4 19. Re2 b5 20. cxb5 Nxe5 21. fxe5 Qb4 22. Qe1 Qxb5 23. Qf2 Rd7 24. Rfe1 Qb4 25. Re3 Rdc7 26. a3 Qe7 27. b4 Ba6 28. b5 Bxb5 29. a4 Rc2 30. Ba3 Qd8 31. Qf4 Qxd4 32. axb5 R8c3 33. Bd6 Rc1 34. Rxc1 Rxc1+ 35. Kf2 Rc3 36. Qxe4 1-0

[Event "HUN-chT2 Erkel 0405"]
[Site "Hungary"]
[Date "2005.04.24"]
[Round "11"]
[White "Frink, Ferenc"]
[Black "Zentai, Gyorgy"]
[Result "1-0"]
[WhiteElo "2256"]
[BlackElo "2193"]
[PlyCount "53"]
[EventDate "2004.09.26"]
[EventType "team"]
[EventRounds "11"]
[EventCountry "HUN"]
[SourceTitle "EXT 2009"]
[Source "ChessBase"]
[SourceDate "2008.11.26"]
[SourceVersion "1"]
[SourceVersionDate "2008.11.26"]
[SourceQuality "1"]
[WhiteTeam "Garancia"]
[BlackTeam "Penzugyor II"]
[WhiteTeamCountry "HUN"]
[BlackTeamCountry "HUN"]

1. e4 e6 2. a3 d5 3. e5 c5 4. b4 cxb4 5. axb4 Bxb4 6. c3 Bf8 7. d4 f5 8. Bd3 Ne7 9. Ne2 Ng6 10. g4 Qh4 11. gxf5 exf5 12. Qb3 Qd8 13. Na3 Nc6 14. Nc2 Rb8 15. Ne3 Nh4 16. Qxd5 Qxd5 17. Nxd5 Be7 18. Nxe7 Nxe7 19. Rxa7 0-0 20. f4 Be6 21. Ba3 Ra8 22. Bxe7 Rxa7 23. Kf2 Rfa8 24. Bxh4 Ra2 25. Rb1 Rd2 26. Ke3 Raa2 27. Rxb7 1-0

[Event "HUN-chT2 Erkel 0304"]
[Site "Hungary"]
[Date "2004.04.04"]
[Round "10"]
[White "Varga, Karoly"]
[Black "Zentai, Gyorgy"]
[Result "1-0"]
[WhiteElo "2148"]
[BlackElo "2173"]
[PlyCount "58"]
[EventDate "2003.09.28"]
[EventType "team"]
[EventRounds "11"]
[EventCountry "HUN"]
[SourceTitle "EXT 2009"]
[Source "ChessBase"]
[SourceDate "2008.11.26"]
[SourceVersion "1"]
[SourceVersionDate "2008.11.26"]
[SourceQuality "1"]
[WhiteTeam "Dunaharaszti II"]
[BlackTeam "Penzugyor II"]
[WhiteTeamCountry "HUN"]
[BlackTeamCountry "HUN"]

1. c4 e6 2. e4 d5 3. exd5 exd5 4. cxd5 Nf6 5. Nc3 Nxd5 6. Nf3 Be7 7. d4 0-0 8. Bd3 Bb4 9. 0-0 Nxc3 10. bxc3 Bxc3 11. Bxh7+ Kxh7 12. Qd3+ Kg8 13. Qxc3 Nc6 14. Re1 Bg4 15. Ba3 Re8 16. Rxe8+ Qxe8 17. Re1 Qd7 18. Ne5 Nxe5 19. dxe5 Rd8 20. h3 Be6 21. Rc1 Qd2 22. Qxd2 Rxd2 23. Rxc7 Rxa2 24. Bd6 b5 25. g4 a5 26. f4 b4 27. f5 b3 28. fxe6 fxe6 29. g5 b2 1-0

[Event "Budapest FS02 FM-A"]
[Site "Budapest"]
[Date "2004.02.18"]
[Round "11"]
[White "Zentai, Gyorgy"]
[Black "Koczo, Kristof"]
[Result "1/2-1/2"]
[WhiteElo "2180"]
[BlackElo "2173"]
[PlyCount "113"]
[EventDate "2004.02.07"]
[EventType "tourn"]
[EventRounds "11"]
[EventCountry "HUN"]
[SourceTitle "CBM 098 Extra"]
[Source "ChessBase"]
[SourceDate "2004.03.10"]
[SourceVersion "2"]
[SourceVersionDate "2004.03.10"]
[SourceQuality "1"]

1. e4 c5 2. Nc3 d6 3. g3 g6 4. Bg2 Bg7 5. d3 Nc6 6. Be3 Nd4 7. f4 e6 8. Nf3 Ne7 9. 0-0 Nec6 10. Rb1 0-0 11. Ne2 Nxe2+ 12. Qxe2 b6 13. Rfd1 Bb7 14. d4 cxd4 15. Nxd4 Nxd4 16. Bxd4 Qc7 17. Bxg7 Kxg7 18. c4 e5 19. f5 f6 20. Rd2 Rad8 21. Rbd1 Rf7 22. h4 Qc5+ 23. Kh2 Rfd7 24. b3 gxf5 25. Rf1 f4 26. gxf4 Kh8 27. f5 Rg7 28. Rfd1 a6 29. Bf3 b5 30. Qf2 Qxf2+ 31. Rxf2 bxc4 32. bxc4 Rc7 33. Rb2 Ba8 34. Rc2 Bc6 35. Rdd2 Ba4 36. Rc1 Rc5 37. h5 h6 38. Rg1 Be8 39. Rgd1 Rc6 40. c5 d5 41. Rxd5 Rxd5 42. Rxd5 Bf7 43. Rd6 Rxd6 44. cxd6 Be8 45. Be2 Kg7 46. Bxa6 Kf8 47. Bb7 Bb5 48. Kg3 Ke8 49. Bc8 Kd8 50. d7 Bc6 51. Kf3 Kc7 52. Ke3 Kd8 53. Kd3 Kc7 54. a3 Kd8 55. Ke3 Kc7 56. Kd3 Kd8 57. Ke3 1/2-1/2

[Event "Budapest FS02 FM-A"]
[Site "Budapest"]
[Date "2004.02.16"]
[Round "9"]
[White "Schneider, Veronika"]
[Black "Zentai, Gyorgy"]
[Result "1/2-1/2"]
[WhiteElo "2113"]
[BlackElo "2180"]
[PlyCount "50"]
[EventDate "2004.02.07"]
[EventType "tourn"]
[EventRounds "11"]
[EventCountry "HUN"]
[SourceTitle "CBM 098 Extra"]
[Source "ChessBase"]
[SourceDate "2004.03.10"]
[SourceVersion "2"]
[SourceVersionDate "2004.03.10"]
[SourceQuality "1"]

1. e4 c5 2. Nf3 e6 3. d4 cxd4 4. Nxd4 a6 5. Bd3 Bc5 6. Nb3 Be7 7. c4 d6 8. 0-0 Nf6 9. Nc3 Qc7 10. Be3 b6 11. Rc1 Bb7 12. f3 Nbd7 13. Kh1 0-0 14. Qe1 Rac8 15. Qf2 Rfe8 16. Rfd1 Bd8 17. Bg5 h6 18. Be3 Qb8 19. Rd2 Bc7 20. Rcd1 h5 21. Bf4 Ne5 22. Bxe5 dxe5 23. Be2 Rcd8 24. Rxd8 Rxd8 25. Rxd8+ Qxd8 1/2-1/2

[Event "HUN-chT2 Erkel 0304"]
[Site "Hungary"]
[Date "2004.01.25"]
[Round "6"]
[White "Molnar, Laszlo"]
[Black "Zentai, Gyorgy"]
[Result "1-0"]
[WhiteElo "2280"]
[BlackElo "2173"]
[PlyCount "71"]
[EventDate "2003.09.28"]
[EventType "team"]
[EventRounds "11"]
[EventCountry "HUN"]
[SourceTitle "EXT 2009"]
[Source "ChessBase"]
[SourceDate "2008.11.26"]
[SourceVersion "1"]
[SourceVersionDate "2008.11.26"]
[SourceQuality "1"]
[WhiteTeam "Ujszasz"]
[BlackTeam "Penzugyor II"]
[WhiteTeamCountry "HUN"]
[BlackTeamCountry "HUN"]

1. d4 d5 2. Nf3 Nf6 3. c4 e6 4. g3 c6 5. Bg2 Nbd7 6. Qc2 Bd6 7. 0-0 Qe7 8. Nbd2 b6 9. e4 Nxe4 10. Nxe4 dxe4 11. Qxe4 Bb7 12. Ne5 Nf6 13. Qe2 c5 14. Nc6 Qc7 15. d5 0-0 16. Bg5 Ne8 17. Rad1 h6 18. Bd2 exd5 19. cxd5 Nf6 20. Bc3 Rfe8 21. Qf3 Ne4 22. Rfe1 Nxc3 23. bxc3 a6 24. Qf5 b5 25. Be4 g6 26. Qf6 Bxc6 27. dxc6 Re6 28. Qf3 Rae8 29. Re2 c4 30. Rde1 Qe7 31. Bxg6 fxg6 32. Qd5 Kf7 33. Rxe6 Qxe6 34. Rxe6 Rxe6 35. Kg2 Ke7 36. Qd4 1-0

[Event "HUN-chT2 Maroczy 0304"]
[Site "Hungary"]
[Date "2003.12.07"]
[Round "5"]
[White "Zentai, Gyorgy"]
[Black "Valko, Krisztian"]
[Result "1-0"]
[WhiteElo "2173"]
[BlackElo "2145"]
[PlyCount "117"]
[EventDate "2003.09.28"]
[EventType "team"]
[EventRounds "11"]
[EventCountry "HUN"]
[SourceTitle "EXT 2005"]
[Source "ChessBase"]
[SourceDate "2004.11.15"]
[SourceVersion "1"]
[SourceVersionDate "2004.11.15"]
[SourceQuality "1"]

1. e4 e5 2. Nf3 Nc6 3. Bc4 Bc5 4. c3 Nf6 5. d3 a6 6. Bb3 d6 7. Nbd2 0-0 8. Nf1 Ng4 9. d4 exd4 10. cxd4 Bb4+ 11. Bd2 Re8 12. Ng3 Bxd2+ 13. Qxd2 Nf6 14. 0-0 Nxe4 15. Nxe4 Rxe4 16. Bxf7+ Kh8 17. Rfe1 Rxe1+ 18. Rxe1 Bd7 19. d5 Ne5 20. Nxe5 dxe5 21. Qc3 Qf6 22. Bh5 c6 23. dxc6 Rf8 24. Re2 Bxc6 25. Qxe5 Rd8 26. h3 Qxe5 27. Rxe5 g6 28. Bg4 h5 29. Bf3 Bxf3 30. gxf3 Rd7 31. Re6 Kg7 32. h4 Rc7 33. Rb6 Rd7 34. Kg2 Rc7 35. Kg3 Rd7 36. Kf4 Re7 37. a3 Kh7 38. Kg3 Kh6 39. f4 Rf7 40. Kf3 Kg7 41. Ke4 Kh6 42. f3 Re7+ 43. Kd5 Rf7 44. Ke5 Re7+ 45. Re6 Rc7 46. b4 Rc3 47. f5 Re3+ 48. Kf4 Rxa3 49. Rxg6+ Kh7 50. Rb6 a5 51. Rxb7+ Kh6 52. Rb6+ Kg7 53. b5 a4 54. Kg5 Rxf3 55. Rb7+ Kg8 56. Ra7 Rb3 57. Kxh5 Rxb5 58. Kg6 Kf8 59. f6 1-0

[Event "HUN-chT2 Erkel 0304"]
[Site "Hungary"]
[Date "2003.11.16"]
[Round "3"]
[White "Zentai, Gyorgy"]
[Black "Papp Zoltan, Csaba"]
[Result "0-1"]
[WhiteElo "2173"]
[BlackElo "2270"]
[PlyCount "86"]
[EventDate "2003.09.28"]
[EventType "team"]
[EventRounds "11"]
[EventCountry "HUN"]
[SourceTitle "EXT 2009"]
[Source "ChessBase"]
[SourceDate "2008.11.26"]
[SourceVersion "1"]
[SourceVersionDate "2008.11.26"]
[SourceQuality "1"]
[WhiteTeam "Penzugyor II"]
[BlackTeam "Heves"]
[WhiteTeamCountry "HUN"]
[BlackTeamCountry "HUN"]

1. e4 e5 2. Nf3 Nc6 3. Bc4 Bc5 4. c3 Qe7 5. d3 h6 6. Nbd2 Nf6 7. Nf1 Ng4 8. Ne3 Nxe3 9. Bxe3 Bxe3 10. fxe3 d6 11. 0-0 Be6 12. Bb5 Bd7 13. d4 0-0 14. d5 Nb8 15. Be2 Bg4 16. Nd2 Bxe2 17. Qxe2 Nd7 18. Rf3 c6 19. Raf1 cxd5 20. exd5 Rac8 21. e4 b5 22. Qxb5 Rb8 23. Qa5 Rxb2 24. Nc4 Rb7 25. Ne3 g6 26. Ng4 Qg5 27. Rg3 Rfb8 28. Nf6+ Qxf6 29. Rxf6 Nxf6 30. Rf3 Nxe4 31. h4 h5 32. Qa6 Kg7 33. Kh2 f5 34. Re3 Rb6 35. Qxa7+ R8b7 36. Qa3 Nf6 37. Re2 f4 38. Re1 Ng4+ 39. Kg1 Rb1 40. Rf1 e4 41. Qxd6 f3 42. gxf3 exf3 43. Qa6 R7b2 0-1

[Event "HUN-chT2 Erkel 0304"]
[Site "Hungary"]
[Date "2003.09.28"]
[Round "1"]
[White "Frink, Ferenc"]
[Black "Zentai, Gyorgy"]
[Result "0-1"]
[WhiteElo "2248"]
[BlackElo "2173"]
[PlyCount "84"]
[EventDate "2003.09.28"]
[EventType "team"]
[EventRounds "11"]
[EventCountry "HUN"]
[SourceTitle "EXT 2009"]
[Source "ChessBase"]
[SourceDate "2008.11.26"]
[SourceVersion "1"]
[SourceVersionDate "2008.11.26"]
[SourceQuality "1"]
[WhiteTeam "Garancia"]
[BlackTeam "Penzugyor II"]
[WhiteTeamCountry "HUN"]
[BlackTeamCountry "HUN"]

1. e4 e6 2. d4 d5 3. Nc3 Nf6 4. exd5 exd5 5. Bd3 c6 6. Bg5 Be7 7. Qd2 Bg4 8. Nge2 h6 9. Bh4 Qc7 10. f3 Be6 11. 0-0-0 Ne4 12. fxe4 Bxh4 13. e5 0-0 14. Nf4 Nd7 15. Kb1 Nb6 16. Qe2 Qd7 17. Nxe6 Qxe6 18. Rhf1 g6 19. g3 Be7 20. h4 Kg7 21. h5 a5 22. g4 Bg5 23. Rf3 a4 24. Rdf1 Nd7 25. hxg6 fxg6 26. Rf6 Nxf6 27. exf6+ Rxf6 28. Rxf6 Qxf6 29. a3 Qxd4 30. Qe6 Qf6 31. Qd7+ Qe7 32. Qxe7+ Bxe7 33. Ne2 Rf8 34. Nd4 Kf6 35. c3 Bc5 36. Nf3 Bf2 37. Kc2 Re8 38. Kd2 Re3 39. Be2 Re4 40. Nh2 Be3+ 41. Kd3 Bf4 42. Nf1 Kg5 0-1

[Event "HUN-chT2 Maroczy 0203"]
[Site "Hungary"]
[Date "2002.10.13"]
[Round "2.11"]
[White "Baranyi, Erno"]
[Black "Zentai, Gyorgy"]
[Result "1/2-1/2"]
[WhiteElo "2095"]
[BlackElo "2147"]
[PlyCount "88"]
[EventDate "2002.09.22"]
[EventType "team"]
[EventRounds "11"]
[EventCountry "HUN"]
[SourceTitle "EXT 2004"]
[Source "ChessBase"]
[SourceDate "2003.11.25"]
[SourceVersion "1"]
[SourceVersionDate "2003.11.25"]
[SourceQuality "1"]
[WhiteTeam "Vasarhelyi"]
[BlackTeam "Stat PSC II"]
[WhiteTeamCountry "HUN"]
[BlackTeamCountry "HUN"]

1. d4 d5 2. Nf3 Nf6 3. Bf4 e6 4. e3 c6 5. c3 Nbd7 6. Bd3 Be7 7. h3 b5 8. 0-0 Qb6 9. Nbd2 c5 10. Re1 Bb7 11. Ne5 Nxe5 12. Bxe5 a6 13. Qc2 c4 14. Be2 0-0 15. Bxf6 Bxf6 16. f4 Bh4 17. Rf1 f5 18. Nf3 Bf6 19. Ne5 Bxe5 20. fxe5 Qd8 21. b3 Qg5 22. Qd2 cxb3 23. axb3 Rac8 24. Bf3 Rc7 25. Rac1 Rfc8 26. Rc2 Qg3 27. Rfc1 g5 28. Qf2 Qxf2+ 29. Kxf2 a5 30. Ke2 a4 31. bxa4 bxa4 32. Kd2 Ba6 33. Ra2 Bb5 34. Bd1 Ra7 35. Ra3 Bd7 36. Rb1 Kg7 37. Be2 Kg6 38. Rb6 h5 39. Bb5 Bxb5 40. Rxb5 Ra6 41. Rb4 Rca8 42. Ke2 h4 43. c4 dxc4 44. Rxc4 Kh5 1/2-1/2

[Event "HUN-ch U14"]
[Site "Balatonlelle"]
[Date "2001.07.07"]
[Round "7.8"]
[White "Revesz, Zoltan"]
[Black "Zentai, Gyorgy"]
[Result "1/2-1/2"]
[WhiteElo "2036"]
[BlackElo "2082"]
[PlyCount "86"]
[EventDate "2001.07.01"]
[EventType "swiss"]
[EventRounds "9"]
[EventCountry "HUN"]
[SourceTitle "EXT 2004"]
[Source "ChessBase"]
[SourceDate "2003.11.25"]
[SourceVersion "1"]
[SourceVersionDate "2003.11.25"]
[SourceQuality "1"]

1. e4 c5 2. c3 Nf6 3. e5 Nd5 4. Nf3 Nc6 5. Bc4 Nb6 6. Be2 d5 7. d4 cxd4 8. cxd4 Bg4 9. Nc3 e6 10. h3 Bh5 11. a3 Rc8 12. g4 Bg6 13. 0-0 Be7 14. Be3 0-0 15. Nd2 f5 16. f4 Na5 17. g5 a6 18. Rc1 Qd7 19. Rc2 Rc7 20. Qa1 Rfc8 21. Rfc1 Be8 22. Qb1 Nac4 23. Nxc4 Nxc4 24. Bxc4 Rxc4 25. b3 R4c6 26. Qb2 Qc7 27. Kf2 b5 28. Ke2 b4 29. axb4 Bxb4 30. Kd3 Qa5 31. Bd2 Qc7 32. h4 Bh5 33. Na2 Rxc2 34. Rxc2 Qxc2+ 35. Qxc2 Rxc2 36. Kxc2 Be7 37. Bb4 Kf7 38. Bxe7 Kxe7 39. Kc3 Kd7 40. Kb4 Kc6 41. Ka5 Kb7 42. Nc3 Be8 43. Ne2 Bb5 1/2-1/2